Mishkatul Masabih (Record no. 1058)

MARC details
000 -LEADER
fixed length control field 00558nam a2200241 a 4500
020 ## - INTERNATIONAL STANDARD BOOK NUMBER
ISBN
082 00 - DEWEY DECIMAL CLASSIFICATION NUMBER
Classification number 297.124
Author Cutter WAL1
100 ## - MAIN ENTRY--AUTHOR NAME
Author name Waliuddin, Shaikh
245 ## - TITLE STATEMENT
Title Mishkatul Masabih
260 ## - PUBLICATION, DISTRIBUTION, ETC. (IMPRINT)
Place of publication Delhi
Name of publisher Matba Mujtaba
Year of publication 1926
300 ## - PHYSICAL DESCRIPTION
Number of Pages 1345
500 ## - GENERAL NOTE
General note includes index and biblioraphy
505 2# - FORMATTED CONTENTS NOTE
Formatted contents note archives
650 ## - SUBJECT ADDED ENTRY--TOPICAL TERM
Topical Term Hadith
942 ## - ADDED ENTRY ELEMENTS (KOHA)
Koha item type Books
700 1# -
-- Waliuddin, Shaikh
Holdings
Collection code Home library Current library Date acquired Cost, normal purchase price Full call number Accession Number Koha item type
  Henry Martyn Institute Library Henry Martyn Institute Library 08/07/2007 100.00 297.124 WAL1 04271 Books
                   Copyright © 2026 | Henry Martyn Institute | Hyderabad | TS-500052 | INDIA | Implemented by hmi.edu.in
Hit-Count:

Powered by Koha